Dr. Strangelove /

Bibliographic Details
Main Author: George, Peter, 1924-1966
Format: Book
Language:English
Published: Boston : Gregg Press, 1979
Series:Gregg Press science fiction series.

MARC

Tag First Indicator Second Indicator Subfields
LEADER 00000cam a2200000 i 4500
001 in00000007768
005 20151002070021.0
008 790402r1979 mauaf 00011 eng
010 |a  79012237  
020 |a 0839824750 
035 |a (OCoLC)04883142 
035 |9 AAA0098AM 
040 |a DLC  |c DLC  |d m.c.  |d TXA  |d UtOrBLW 
049 |a TXAS  |c [A09892150] 
050 0 0 |a PZ4.G349  |b Do 1979  |a PR6057.E54 
050 4 |a PR6057.E54  |b D7 1979 
100 1 |a George, Peter,  |d 1924-1966. 
245 1 0 |a Dr. Strangelove /  |c Peter George ; with a new introd. by Richard Gid Powers. 
264 1 |a Boston :  |b Gregg Press,  |c 1979 
264 4 |c ©1963 
300 |a xxiii, 145 pages, 2 unnumbered leaves of plates :  |b illustrations ;  |c 21 cm. 
336 |a text  |b txt  |2 rdacontent 
337 |a unmediated  |b n  |2 rdamedia 
338 |a volume  |b nc  |2 rdacarrier 
490 1 |a Gregg Press science fiction series 
500 |a Reprint of the edition published by Bantam Books, New York. 
830 0 |a Gregg Press science fiction series. 
999 |a MARS 
999 f f |s fa174eda-b620-3fa8-83d9-aa0fdcbfaa17  |i b30c3d88-84ec-380d-80cb-9397128275c6  |t 0 
952 f f |p noncirc  |a Texas A&M University  |b College Station  |c Cushing Memorial Library & Archives  |d Cushing: Science Fiction (Does not check out)  |t 0  |e PR6057.E54 D7 1979  |h Library of Congress classification  |i unmediated -- volume  |m A14809892150 
998 f f |a PR6057.E54 D7 1979  |t 0  |l Cushing: Science Fiction (Does not check out)